Normal view
MARC view
- Eiland, Howard
Entry Personal Name
001 - CONTROL NUMBER
- control field: 153765
003 - CONTROL NUMBER IDENTIFIER
- control field: DLC
005 - DATE AND TIME OF LATEST TRANSACTION
- control field: 20260417131346.0
008 - FIXED-LENGTH DATA ELEMENTS
- fixed length control field: 790131n| azannaabn |n aaa
010 ## - LIBRARY OF CONGRESS CONTROL NUMBER
- LC control number: n 79009527
035 ## - SYSTEM CONTROL NUMBER
- System control number: (OCoLC)oca00243624
040 ## - CATALOGING SOURCE
- Original cataloging agency: DLC
- Language of cataloging: eng
- Description conventions: rda
- Transcribing agency: DLC
- Modifying agency: DLC
- Modifying agency: MdRoLAC
046 ## - SPECIAL CODED DATES
- Birth date: 1948
- Source of date scheme: edtf
100 1# - HEADING--PERSONAL NAME
- Personal name: Eiland, Howard
372 ## - FIELD OF ACTIVITY
- Field of activity: Literature
- Field of activity: Jazz
- Field of activity: Motion pictures
- Source of term: lcsh
374 ## - OCCUPATION
- Occupation: Editors
- Occupation: Translators
- Source of term: lcsh
670 ## - SOURCE DATA FOUND
- Source citation: John Updike, 1978 (a.e.)
- Information found: t.p. (Howard Eiland)
670 ## - SOURCE DATA FOUND
- Source citation: Eiland, Howard. Notes on Literature, Film, and Jazz, 2019:
- Information found: eCIp title page (Howard Eiland) data view (Editor and translator of The Arcades Project by Walter Benjamin)
670 ## - SOURCE DATA FOUND
- Source citation: Copyright catalog, viewed 20 December 218:
- Information found: (Eiland, Howard, 1948-)
- Uniform Resource Identifier: https://www.copyright.gov/



